000 00827nam a22002417a 4500
003 OSt
005 20260416122813.0
008 260416b |||||||| |||| 00| 0 eng d
037 _cThesis
040 _aFEDL
_beng
_cFEDL
041 _aeng
_heng
082 _a370.152 8 SHA/TH
100 _aSharma, Swati
_91234899
110 _aUniversity of Delhi. Department of Education
245 _aInsight into bullying fron developmental contextual perspective in schools of East Delhi/
_cby Swati Sharma; Supervised by Renu Malavika.
260 _aUniversity of Delhi
_c2025
300 _a328p.
650 _aEDUCATIONAL PSYCHOLOGY
650 _aBULLYING- SCHOOLS
_91234900
700 _aMalavika, Renu. Supervisor.
_91234901
942 _2ddc
_cTH
_h370.152 8 SHA/TH
_n0
999 _c1848270
_d1848270